| 000 | 00667nam a2200193 i 4500 | ||
|---|---|---|---|
| 001 | 74343 | ||
| 003 | ES-MaACL | ||
| 005 | 20230906172110.0 | ||
| 007 | t| | ||
| 008 | 040917s1969 sp ||||1| spa d | ||
| 100 | 1 |
_aGonzález Navarro, Francisco. _958836 |
|
| 245 | 1 | 0 |
_aProcedimientos administrativos especiales / _cdirección y estudios preliminar por, Francisco González Navarro. |
| 250 | _a[1ª ed.]. | ||
| 260 |
_aMadrid : _bEscuela Nacional de Administración Pública, _c[1969] |
||
| 300 |
_a1 t. en 2 v. ; _c22 cm. |
||
| 500 | _aEs el t. II, v. 1 y 2. | ||
| 650 | 4 |
_aProcedimiento administrativo- _zEspaña. _9143283 |
|
| 852 |
_aES-MaACL _jP-805 _bR.90232 |
||
| 999 |
_c74343 _d74343 |
||